000 00336nam a22001457a 4500
008 230317b ||||| |||| 00| 0 eng d
020 _a007135252
041 _aeng
080 _2SECOND EDITION
_a612
082 _a612DEW
100 _a19
101 _aENERG
245 _aLAND DEVELOPMENT HANDBOOK
_cDEWBERRY. O. S
942 _2udc
_cBK
999 _c59388
_d59388